El trébol verde (Registro nro. 76579)
[ vista simple ]
| 000 -CABECERA | |
|---|---|
| fixed length control field | 00509nam a22002177a 4500 |
| 003 - IDENTIFICADOR DEL NUMERO DE CONTROL | |
| control field | bpm |
| 005 - FECHA Y HORA DE LA ULTIMA TRANSACCION | |
| control field | 20260316084055.0 |
| 008 - ELEMENTOS DE LONGITUD FIJA -- INFORMACION GENERAL | |
| fixed length control field | 260316b |||||||| |||| 001 p spa d |
| 020 ## - NUMERO INTERNACIONAL NORMALIZADO PARA LIBROS | |
| Número Internacional Normalizado para Libros | 9789877301007 |
| 024 ## - OTRO IDENTIFICADOR NORMALIZADO | |
| Número o código normalizado | S. C. C. / M. C. y E. M.: |
| 040 ## - FUENTE DE CATALOGACION | |
| Código de la agencia catalogadora original | AR-CtUCP |
| 041 ## - LANGUAGE CODE | |
| Código de Idioma para texto o pista de sonido o título separado | spa |
| 080 ## - CLASIFICACIÓN DECIMAL UNIVERSAL | |
| Clasificación Decimal Universal | CDU |
| 100 ## - ASIENTO PRINCIPAL--NOMBRE PERSONAL | |
| Nombre del autor personal | Meloni Aledo Luis |
| 245 ## - MENCION DE TITULO | |
| Titulo | El trébol verde |
| Subtitulo | Haikus |
| 250 ## - MENCION DE EDICION | |
| Edición | 1a. |
| 260 ## - PUBLICACION, DISTRIBUCION, ETC. (PIE DE IMPRENTA) | |
| Lugar | Resistencia |
| Editor | Contexto |
| Fecha | 2015 |
| 650 ## - SASIENTO SECUNDARIO DE MATERIA - TERMINO TEMATICO | |
| Término controlado | Literatura- Poesía |
| 942 ## - TIPO DE MATERIAL | |
| Tipo de Item | LIBRO |
| Estado Perdido | Fuente de Clasificacion | Estado de Daño | Ubicacion Permanente | Ubicacion Actual | Sala | Fecha de Adquisicion | Signatura Topografica Completa | Numero de Inventario | Date last seen | Tipo de Ejemplar |
|---|---|---|---|---|---|---|---|---|---|---|
| CDU | Biblioteca Regional de Poesía | Biblioteca Regional de Poesía | Biblioteca | 16/03/2026 | 82 MEL | P 45 | 16/03/2026 | LIBRO |
